000
00237nam a2200097Ia 4500
001
810828
005
20250826171529.0
008
250824s9999 xx 000 0 und d
245
0
_a
ŞERMİN
_c
TEVFİK FİKRET
260
_b
KAYALIPARK YAYINLARI
999
_c
810828
_d
810828